Statystyki dla Państwa z podobną nazwą.

Kliknij tutaj aby rozwiązać quiz!

Ogólne statystyki

  • Ten quiz został rozwiązany 202 razy
    (161 od ostatniego zresetowania)
  • Średni wynik to 11 z 20

Statystyki odpowiedzi

Kraj% Poprawnych
Korea Północna
72%
Korea Południowa
72%
Australia
65%
Austria
65%
Irak
61%
Iran
61%
Dominika
57%
Dominikana
57%
Gwinea
56%
Sudan
55%
Gwinea Równikowa
54%
Sudan Południowy
54%
Gwinea Bissau
50%
Słowacja
48%
Słowenia
48%
Kongo
46%
Liban
41%
Libia
41%
Papua Nowa Gwinea
37%
Demokratyczny Republika Konga
33%

Rozkład punktacji

Percentyl według liczby udzielonych odpowiedzi

Procent ludzi z każdym wynikiem

Twoja historia wyników

Nie rozwiązałeś tego quizu od ostatniego zresetowania